| 000 | 00548nam a2200217Ia 4500 | ||
|---|---|---|---|
| 003 | OSt | ||
| 005 | 20221005130900.0 | ||
| 006 | a|||||r|||| 00| 0 | ||
| 007 | ta | ||
| 008 | 221004b |||||||| |||| 00| 0 kan d | ||
| 024 | _a46129 | ||
| 037 | _cTextual | ||
| 040 |
_aCRL _cCRL _bkan |
||
| 041 |
_2kan _akan |
||
| 082 | _aO33,6NKR,1, J7 | ||
| 100 |
_aKrishnarai _9575289 |
||
| 245 | 0 | _aSanskritiya viswaroopa | |
| 650 | _aKANNAD LITERATURE | ||
| 942 |
_hO33,6NKR,1, J7 _cTEXL _2cc |
||
| 999 |
_c1058674 _d1058674 |
||